00585nam a2200169Ia 4500008004100000041000800041082001700049100001700066245004600083250001200129260002200141365001600163700001700179906003700196999001900233952016300252230718s9999 xx 000 0 und d aeng a621.395bWAK aWakerly J.F. aDigital Design bPrinciples And Practices a4th ed. bPearson Education cRs.b625.00 aWakerly J.F. dB:349402-Aug-2013cETC b2731.25 c333010d333010 00104070aCCEPbCCEPd2013-08-16eOm Book StallfETC g481.25i3494l0o621.395pCCEP-BK-44217r2023-07-18 00:00:00t2731.25v625.00w2013-08-02yBKz044217